INTRODUCTION TO FINANCIAL ACCOUNTING (Record no. 16287)
[ view plain ]
| 000 -LEADER | |
|---|---|
| fixed length control field | 00270nam a22001217a 4500 |
| 003 - CONTROL NUMBER IDENTIFIER | |
| control field | SGT |
| 020 ## - INTERNATIONAL STANDARD BOOK NUMBER | |
| International Standard Book Number | 9789382209164 |
| 082 ## - DEWEY DECIMAL CLASSIFICATION NUMBER | |
| Classification number | 657 |
| Item number | MON |
| 100 ## - MAIN ENTRY--PERSONAL NAME | |
| Personal name | MONGA J.R |
| 245 ## - TITLE STATEMENT | |
| Title | INTRODUCTION TO FINANCIAL ACCOUNTING |
| 260 ## - PUBLICATION, DISTRIBUTION, ETC. (IMPRINT) | |
| Name of publisher, distributor, etc | M K M PUB. |
| Year of Publication | 2018 |
| 942 ## - ADDED ENTRY ELEMENTS (KOHA) | |
| Source of classification or shelving scheme | Dewey Decimal Classification |
| Koha item type | Books |
| 942 ## - ADDED ENTRY ELEMENTS (KOHA) | |
| -- | 37 |
| Withdrawn status | Lost status | Source of classification or shelving scheme | Damaged status | Not for loan | Collection code | Home library | Current library | Shelving location | Date acquired | Vendor Name | Cost, normal purchase price | SGTU | Bill Number | Total Checkouts | Full call number | Accession No. (Barcode) | Date last seen | Date last borrowed | Bill Date | Koha item type |
|---|---|---|---|---|---|---|---|---|---|---|---|---|---|---|---|---|---|---|---|---|
| Dewey Decimal Classification | COMMERCE MANAGEMENT | SGT Science & Social Sciences Library | SGT Science & Social Sciences Library | Text Book | 12/12/2018 | KIRTI PRAKSHAN | 380.00 | SGTU | IN1748 | 14 | 657 MON | CM4996 | 10/02/2026 | 27/01/2026 | Books | |||||
| Dewey Decimal Classification | COMMERCE MANAGEMENT | SGT Science & Social Sciences Library | SGT Science & Social Sciences Library | Text Book | 12/12/2018 | KIRTI PRAKSHAN | 380.00 | SGTU | IN1748 | 20 | 657 MON | CM4997 | 14/06/2025 | 04/06/2025 | Books | |||||
| Dewey Decimal Classification | COMMERCE MANAGEMENT | SGT Science & Social Sciences Library | SGT Science & Social Sciences Library | Text Book | 12/12/2018 | KIRTI PRAKSHAN | 380.00 | SGTU | IN1748 | 26 | 657 MON | CM4998 | 09/12/2025 | 09/12/2025 | Books | |||||
| Dewey Decimal Classification | COMMERCE MANAGEMENT | SGT Science & Social Sciences Library | SGT Science & Social Sciences Library | Text Book | 12/12/2018 | KIRTI PRAKSHAN | 380.00 | SGTU | IN1748 | 17 | 657 MON | CM4999 | 04/01/2024 | 15/12/2023 | Books |